| 000 | 00636nam a2200205 a 4500 | ||
|---|---|---|---|
| 005 | 20210223124232.0 | ||
| 008 | 010705s1991 mx r 000 0 spa d | ||
| 020 | _a9684229178 | ||
| 035 | _aUPN01000109277 | ||
| 049 | _aCG | ||
| 050 | 4 |
_aQA157 _bA9.28 |
|
| 100 | 1 |
_aAyres, Frank, _d1901-1994 _931933 |
|
| 245 | 1 | 0 |
_aAlgebra moderna / _cFrank Ayres ; tr. y adap. Jesús María Castaño. |
| 260 |
_aMéxico : _bMcGraw-Hill Interamericana, _cc1991. |
||
| 300 | _a242 p. | ||
| 440 | 0 | _aSchaum | |
| 534 |
_pTraducción de: _tSchaum's outline of modern algebra |
||
| 650 | 4 |
_aALGEBRA - _vPROBLEMAS, EJERCICIOS, ETC. _92153 |
|
| 905 | _aLibro | ||
| 999 |
_c83188 _d83188 |
||